| 000 | 00706nas a2200253 4500 | ||
|---|---|---|---|
| 001 | BR0400627 | ||
| 003 | BR-BrBNA | ||
| 005 | 20231205104317.0 | ||
| 007 | ta | ||
| 008 | 230509b bl.|||p| |||| 00| 00por d | ||
| 040 |
_aBR-BrBNA _bpor _cBiblioteca Nacional de Agricultura |
||
| 041 | _a(En) | ||
| 072 | _aM12 | ||
| 100 | 1 | _aCyrino, J.E.P. | |
| 100 | 1 | _aKubitza, F. | |
| 245 | 1 | _aDiets for feed training peacock bass Cichla sp. | |
| 650 | _aTUCUNARÉ | ||
| 650 | _aDIETA | ||
| 650 | _aCRIAÇÃO | ||
| 650 | _aRAÇÃO | ||
| 773 | 0 |
_tScientia Agrícola (Brazil) _xISSN 0103-9016 _g(Oct-Dec 2003), v. 60(4) p. 609-613 _wBR0400627 |
|
| 909 |
_a202311 _bLúcia _c55 _dLúcia Elande |
||
| 942 |
_2AGRIS _n0 _cANA |
||
| 999 |
_c177492 _d177492 |
||